The scope magazine 2002 Vol.1, No.2 (Record no. 5034)

MARC details
000 -LEADER
fixed length control field 01296cas a2200349 a 4500
001 - CONTROL NUMBER
control field 12804085
003 - CONTROL NUMBER IDENTIFIER
control field OSt
005 - DATE AND TIME OF LATEST TRANSACTION
control field 20120111104525.0
008 - FIXED-LENGTH DATA ELEMENTS--GENERAL INFORMATION
fixed length control field 020605c20019999ug ar p g 0 0eng
010 ## - LIBRARY OF CONGRESS CONTROL NUMBER
LC control number 2001295054
035 ## - SYSTEM CONTROL NUMBER
System control number (OCoLC)ocm49921378
037 ## - SOURCE OF ACQUISITION
Source of stock number/acquisition Law Development Centre, 339 Kagugube Road, Off Makerere Hill Road, P.O. Box 7117, Kampala, Uganda
040 ## - CATALOGING SOURCE
Original cataloging agency DLC
Transcribing agency DLC
Modifying agency DLC
042 ## - AUTHENTICATION CODE
Authentication code lc
043 ## - GEOGRAPHIC AREA CODE
Geographic area code f-ug---
050 00 - LIBRARY OF CONGRESS CALL NUMBER
Classification number K23
Item number .C665
245 04 - TITLE STATEMENT
Title The scope magazine 2002 Vol.1, No.2
Statement of responsibility, etc Law Development Centre.
260 ## - PUBLICATION, DISTRIBUTION, ETC. (IMPRINT)
Place of publication, distribution, etc Kampala, Uganda :
Name of publisher, distributor, etc LDC Publishers,
Date of publication, distribution, etc [2002]-
300 ## - PHYSICAL DESCRIPTION
Extent v. :
Other physical details ill. (some col.) ;
Dimensions 30 cm.
310 ## - CURRENT PUBLICATION FREQUENCY
Current publication frequency Annual
362 0# - DATES OF PUBLICATION AND/OR SEQUENTIAL DESIGNATION
Dates of publication and/or sequential designation Vol. 1, no. 1 (Feb. 2001)-
500 ## - GENERAL NOTE
General note Title from cover.
500 ## - GENERAL NOTE
General note Latest issue consulted: Issue no. 4 (2004).
515 ## - NUMBERING PECULIARITIES NOTE
Numbering peculiarities note Designated by volume, number, and date, v. 1, no. 1 (Feb. 2001)-v. 1, no. 3 (Feb. 2003); by continuous numbering and year, issue no. 4 (2004).
650 #0 - SUBJECT ADDED ENTRY--TOPICAL TERM
Topical term or geographic name as entry element Law
Geographic subdivision Uganda
Form subdivision Periodicals.
9 (RLIN) 6462
710 2# - ADDED ENTRY--CORPORATE NAME
Corporate name or jurisdiction name as entry element Law Development Centre.
9 (RLIN) 1837
906 ## - LOCAL DATA ELEMENT F, LDF (RLIN)
a 7
b cbc
c serials
d 2
e ncip
f 20
g n-oclcserc
942 ## - ADDED ENTRY ELEMENTS (KOHA)
Source of classification or shelving scheme Dewey Decimal Classification
Koha item type Administration of Justice Documents
Holdings
Withdrawn status Lost status Source of classification or shelving scheme Damaged status Not for loan Home library Current library Shelving location Date acquired Total Checkouts Barcode Date last seen Price effective from Koha item type
    Dewey Decimal Classification     Law Development Centre Main Library Law Development Centre Main Library Law Reports 01/11/2012   3626/2012 01/11/2012 01/11/2012 Law Reports